000 00642nam a22002414a 4500
999 _c143024
_d143024
003 UPN
005 20240803063801.0
008 090603s2002 es fr 000 f spa d
020 _a8426132782
035 _aUPN01000170919
040 _aUPN
_bspa
_cUPN
049 _aCG
050 4 _aPQ6653 O6.3
_bL5
100 1 _aCopeiro, Joaquín
245 1 0 _aLibertarios del mediterráneo /
_cJoaquín Copeiro.
260 _aBarcelona, Esp. :
_bJuventud,
_c2002.
300 _a309 p.
490 _aNostromo. Narrativa marítima
650 4 _aNovela española
_910814
650 0 _aBarcos
_vNovela
_93047
905 _aLibro
942 _2lcc
_cLIBRO